Das vereinfachte Jugendverfahren: Ziele, Gesetz und Wirklichkeit

Saved in:  
Bibliographic Details
Main Author: Schaffstein, Friedrich 1905-2001 (Author)
Format: Print Article
Language:German
Published: 1978
In: Monatsschrift für Kriminologie und Strafrechtsreform
Year: 1978, Volume: 61, Issue: 5, Pages: 313-323
Check availability: HBZ Gateway
Keywords:

MARC

LEADER 00000caa a2200000 c 4500
001 1640681949
003 DE-627
005 20220608132342.0
007 tu
008 141002s1978 xx ||||| 00| ||ger c
035 |a (DE-627)1640681949 
035 |a (DE-576)415068290 
035 |a (DE-599)BSZ415068290 
040 |a DE-627  |b ger  |c DE-627  |e rakwb 
041 |a ger 
100 1 |a Schaffstein, Friedrich  |d 1905-2001  |0 (DE-588)118748408  |0 (DE-627)079528988  |0 (DE-576)162882351  |4 aut 
109 |a Schaffstein, Friedrich 1905-2001  |a Schaffstein, Federico 1905-2001 
245 1 4 |a Das vereinfachte Jugendverfahren  |b Ziele, Gesetz und Wirklichkeit  |c Friedrich Schaffstein 
264 1 |c 1978 
336 |a Text  |b txt  |2 rdacontent 
337 |a ohne Hilfsmittel zu benutzen  |b n  |2 rdamedia 
338 |a Band  |b nc  |2 rdacarrier 
773 0 8 |i In  |t Monatsschrift für Kriminologie und Strafrechtsreform  |d Berlin : Walter de Gruyter GmbH, 1953  |g 61(1978), 5, Seite 313-323  |w (DE-627)129082368  |w (DE-600)3659-6  |w (DE-576)014415364  |x 0026-9301  |7 nnas 
773 1 8 |g volume:61  |g year:1978  |g number:5  |g pages:313-323 
951 |a AR 
ELC |b 1 
LOK |0 000 xxxxxcx a22 zn 4500 
LOK |0 001 3302691459 
LOK |0 003 DE-627 
LOK |0 004 1640681949 
LOK |0 005 20250509092701 
LOK |0 008 141002||||||||||||||||ger||||||| 
LOK |0 040   |a DE-21-110  |c DE-627  |d DE-21-110 
LOK |0 689   |a s  |a Jugendstrafverfahren 
LOK |0 689   |a s  |a Reform 
LOK |0 689   |a s  |a Vereinfachtes Jugendverfahren 
LOK |0 852   |a DE-21-110 
LOK |0 852 1  |m p  |9 00 
LOK |0 935   |a k110 
LOK |0 938   |k p 
LOK |0 939   |a 02-10-14  |b l01 
ORI |a SA-MARC-krimdoka001.raw